Arica en el Siglo XX: historia y sociedad en el extremo norte de Chile
Saved in:
| Main Authors: | , , |
|---|---|
| Format: | Book |
| Language: | Spanish |
| Published: |
Arica
Ediciones Universidad de Tarapacá
2010
|
| Edition: | 1a. ed |
| Subjects: | |
| Tags: |
Add Tag
No Tags, Be the first to tag this record!
|
MARC
| LEADER | 00000cam a2200000 a 4500 | ||
|---|---|---|---|
| 001 | UCE8996 | ||
| 003 | CL-VaPUC | ||
| 008 | 150911e20100000cl |||||||||||||||||spa|d | ||
| 020 | |a 9789563329414 | ||
| 082 | 0 | 4 | |a 983.1230904 |b DIA |2 21 |
| 100 | 0 | |a Díaz Araya, Alberto |e author |9 581691 | |
| 700 | 0 | |a Díaz Aguad, Alfonso |e author |9 581692 | |
| 700 | 0 | |a Pizarro Pizarro, Elías |e author |9 581693 | |
| 245 | 1 | 0 | |a Arica en el Siglo XX: historia y sociedad en el extremo norte de Chile |
| 250 | |a 1a. ed | ||
| 300 | |a 130 p | ||
| 942 | |c BK | ||
| 945 | |d 20150911 12:29:00 |a gsalatino | ||
| 260 | |a Arica |b Ediciones Universidad de Tarapacá |c 2010 | ||
| 650 | 0 | |a Historia |9 255047 | |
| 650 | 0 | |a Sociedad |9 307903 | |
| 651 | 7 | |a CHILE |2 CL-VaPUC |9 581694 | |
| 651 | 7 | |a ARICA, CHILE |2 CL-VaPUC |9 364966 | |
| 583 | |a last modification |c 20150911 12:29:00 |k Rodrigo Vera | ||
| 999 | |c 360739 |d 360737 | ||
| 952 | |0 0 |1 0 |3 erb |4 0 |6 983_123090400000000_DIA_2010 |7 0 |8 A |9 470663 |a BIBEDU |b BIBEDU |i 519878K |o 983.1230904 DIA 2010 |p 519878K |r 2019-11-23 |w 2019-11-23 |y BK |z Catalogado en:20150911 |k EBA | ||